[Event "EU-Cup 18th"]
[Site "Kallithea"]
[Date "2002.09.27"]
[Round "6.1"]
[White "Bareev, Evgeny"]
[Black "Georgiev, Kiril"]
[Result "1-0"]
[WhiteElo "2726"]
[BlackElo "2654"]
[Annotator "Huebner,R"]
[PlyCount "53"]
[EventDate "2002.09.22"]
[EventType "team-swiss"]
[EventRounds "7"]
[EventCountry "GRE"]
[SourceTitle "CBM 092"]
[Source "ChessBase"]
[SourceDate "2003.02.06"]
[SourceVersion "1"]
[SourceVersionDate "2003.02.06"]
[SourceQuality "1"]
[WhiteTeam "Norilsk Nikel"]
[BlackTeam "Skopje Kisela Voda"]
[WhiteTeamCountry "RUS"]
[BlackTeamCountry "MKD"]

1. d4 d5 2. c4 c6 3. Nf3 Nf6 4. Nc3 a6 5. Qc2 dxc4 6. e4 b5 7. a4 {Dies ist
eine wenig gespielte Variante; es scheint, daß der Textzug noch nicht
angewandt wurde. Vorgänger:} (7. Be2 Bg4 (7... e6 {kommt in Betracht.}) 8. a4 (
8. Be3 {ist schlapper:} e6 9. O-O Bb4 10. Rad1 O-O 11. h3 Bh5 12. g4 Bxc3 13.
gxh5 Bb4 14. Ne5 Ne8 15. f4 f6 16. Nf3 Qe7 17. Kh2 f5 $17 {0-1 Piket,J-Hodgson,
J/Holland 1996/EXT 2000 (38). (38)}) 8... Nbd7 9. e5 Nd5 10. axb5 axb5 11. Rxa8
Qxa8 12. Ng5 Nb4 13. Qe4 f5 14. Qf4 Bxe2 15. Kxe2 g6 16. e6 Nf6 17. Nf7 Bg7 $2
(17... Nbd5 18. Nxd5 Nxd5 19. Qh4 Rg8 $13) 18. Nxh8 Bxh8 19. Qc7 Nfd5 20. Qd7+
Kf8 21. Bh6+ Bg7 22. Ra1 Na2 23. Nxd5 cxd5 24. Rxa2 {1-0 Ehlvest,J-Dreev,A/
Lvov 1985/MCD (24).}) 7... Bb7 (7... e6 {ist wohl noch besser, siehe die
Partie Gelfand-Bacrot, Wettkampf (5) Albert 2002.}) 8. e5 {Lieber hätte ich
das Zentrum zunächst behauptet:} (8. Be2 e6 9. O-O {mit üblichen Kampfbildern.}
) 8... Nd5 9. e6 {Das ist die Konsequenz des vorigen Zuges, aber Weiß ist
nicht gut genug entwickelt, um einen solchen Überfall zu einem erfolgreichen
Ende bringen zu können.} fxe6 10. Ne4 $6 {Weiß will in die schwarzfeldrigen
Löcher hüpfen; aber er sollte wohl zunächst seine Entwicklung fördern:} (10.
Be2 $5) 10... e5 $1 11. Nc5 $6 ({Aussichtsreicher ist} 11. dxe5 e6 12. Be2 c5
13. Neg5 Nb4 14. Qc3 {mit scharfem Kampf, wenn mir auch die Stellung des
Schwarzen besser gefällt.}) 11... Bc8 12. Be2 {Weiß setzt mit ruhiger Fassung
fort. Es ist schwer, eine befriedigende Fortsetzung anzuweisen:} (12. axb5 cxb5
13. b3 Nc6 14. bxc4 Ndb4 15. Qe4 g6 {ist ebenfalls ungesund für Weiß.}) (12.
Nxe5 Nb4 13. Qc3 Qxd4 {bietet dem Weißen auch keine guten Perspektiven}) (12.
dxe5 Qb6 13. Ne4 Bg4 {sieht auch nicht verlockend für Weiß aus.}) 12... exd4
13. Nxd4 Qd6 14. Ne4 Qe5 $2 (14... Qg6 {dürfte zum Gewinn führen:} 15. axb5 (
15. O-O e5 16. Nf3 Bf5 {sieht nicht vertrauenerweckend für Weiß aus.}) 15...
Nb4 16. Qb1 (16. Qxc4 Qxe4 17. Qxb4 e5 {, und Schwarz gewinnt.}) 16... e5 17.
Nf3 Bf5 {usw.}) 15. Nf3 Qf5 $4 ({Richtig ist} 15... Nb4 16. Qb1 Qd5 {Schwarz
droht Lc8-f5 und dürfte beträchtlichen Vorteil besitzen. Nach dem Textzug kann
er die Partie wahrscheinlich nicht mehr retten.}) 16. O-O e5 ({Auch nach} 16...
Nf6 17. Nfg5 Nxe4 18. Nxe4 e6 19. Bf3 Bb7 20. Re1 {bleibt die Lage für Schwarz
höchst ungemütlich.}) 17. axb5 cxb5 18. Nh4 Nb4 {Dies ist das plausibelste:
Die Dame des Weißen wird zurückgeworfen, der Springer, der auf d5 oft hängt,
dem Angriff entzogen, und es wird ihm das feld d3 zugänglich gemacht. Es
scheint aber alles nichts zu nützen; indessen führt zum Beispiel} (18... Qe6
19. Ng5 Qc6 20. Bf3 Nd7 21. Qf5 N7f6 22. Qxe5+ Be7 23. Rd1 {sofort in den
Orkus.}) 19. Qb1 Qe6 (19... Qd7 {ist nicht besser:} 20. Bh5+ Kd8 21. Bg5+ Be7 (
{Nach} 21... Kc7 22. Rd1 Nd3 23. Be2 Nc6 24. Bxd3 cxd3 25. Rxd3 Nd4 26. Nf3 {
fällt Schwarz auseinander.}) 22. Nc5 Qc6 23. Rd1+ Nd7 24. Nxd7 Bxd7 25. Bf3 {
, und Weiß gewinnt.}) 20. Ng5 Qf6 $6 (20... Qg8 {ist eine zähere Verteidigung,
nicht nur, weil der Bauer auf h7 gedeckt wird, sondern vor allem, weil die
Dame des Schwarzen sich hier am sichersten vor den Belästigingen und
Nachstellungen durch die Figuren des Weißen verkriechen kann. Es ist natürlich
plausibel, daß Schwarz seine Dame spiegelbildlich zur gegnerischen aufstellen
muß. Dennoch dürfte es alles nichts nützen, wenn Weiß energisch fortsetzt:} 21.
f4 ({Mit} 21. Bh5+ {dringt Weiß nicht durch:} g6 22. Nxg6 hxg6 23. Bxg6+ Kd7 (
23... Ke7 {ist viel schwächer:} 24. Nf7 Bg7 (24... Kf6 25. Bg5+ Kg7 26. Qe4
N8c6 27. Nxh8 Qxh8 28. Be8 {führt sofort zum Verlust.}) 25. Be3 N8c6 26. Bc5+
Kf6 27. f4 {Es ist unwahrscheinlich, daß Schwarz überleben kann.}) 24. Nf7 N8c6
25. Bg5 (25. Rd1+ Kc7 26. Nxh8 Qxh8 27. Be3 Nd4) 25... Kc7 26. Nxh8 Qxh8 27. b3
cxb3 28. Qxb3 Qg7 {Schwarz hat Vorteil.}) 21... N8c6 (21... Be7 {ist
unzureichend:} 22. fxe5 N8c6 23. Bf3 Ra7 24. Be3 Nxe5 (24... Bxg5 {ist nicht
besser:} 25. Bxg5 Nxe5 26. Bh5+ g6 27. Qe4 (27. Bf6 {ist schwächer; mit} Nbd3 {
wird die Dame des Weißen von der Teilnahme am Angriff ausgeschlossen.}) 27...
Nbd3 28. Be2 Qe6 29. Bxd3 cxd3 (29... Nxd3 {scheitert an} 30. Qd4) 30. Rf6 Qe7
31. Rc6 Nxc6 32. Bxe7 Nxe7 33. Qd4 {und Weiß gewinnt.}) 25. Bxa7 Bxg5 26. Qe4 (
26. Nf5 Nbd3 27. Nd6+ Ke7 28. Nxc8+ Qxc8) 26... Qe6 27. Bh5+ g6 28. Bd4 Nbd3
29. Nf3 Bf6 30. Nxe5 Bxe5 31. Bxe5 gxh5 32. Qd4 Rg8 33. Bf6 Bd7 34. Bh4 Rg4 35.
Qh8+ Rg8 36. Qxh7 {mit Gewinnstellung für Weiß.}) 22. fxe5 (22. Bh5+ {dringt
Weiß wohl auch hier nicht durch:} g6 23. Nxh7 Bc5+ 24. Kh1 Rxh7 25. Bxg6+ Rf7
26. fxe5 Raa7 27. Qe4 Be6 28. Nf3 Bd5 29. Qg4 Ne7) 22... Bc5+ 23. Kh1 Be6 24.
Bf3 (24. Bh5+ g6 25. Rf6 Bd5 26. Nxg6 hxg6 27. Rxg6 {wird mit einer ruhigen
Antwort abgewehrt:} Qf8 (27... Bxg2+ {genügt auch:} 28. Kxg2 Qd5+ 29. Bf3 Qd4
30. Re6+ Ne7 (30... Kd7 {scheitert an} 31. Rd6+ Bxd6 32. Qf5+) 31. Qg6+ Kd8 (
31... Kd7 $2 32. Rxe7+) 32. Rd6+ Bxd6 33. Qxd6+ Qxd6 34. exd6 Ned5 35. Nf7+ Kd7
36. Nxh8 Rg8+ 37. Kh1 Rxh8 38. Bxd5 Nxd5 39. Rxa6 Re8 {Weiß muß um das Remis
kämpfen.}) 28. Rf6+ Ke7 (28... Rxh5 $2 29. Rxf8+ Kxf8 30. Qg6 Rh4 31. Ne6+ Bxe6
32. Qxe6 {, und Weiß gewinnt.}) 29. Rxf8 Raxf8 30. Bf3 Nxe5 {Schwarz hat
entscheidenden Angriff!}) 24... Bd5 (24... Rc8 25. Ng6 (25. Nf5 Bxf5 26. Qxf5
Ne7 27. Qh3 {ist ebenfalls unbequem für Schwarz.}) 25... hxg6 26. Qxg6+ Kd7 (
26... Ke7 27. Nxe6 Nxe5 28. Bg5+ Kd7 29. Nxc5+ Rxc5 30. Bg4+ Kc7 31. Bf4 Nbd3
32. Qxa6 (32. Rxa6 Rh6 33. Bxe5+ Nxe5 34. Ra7+ Kb8 35. Qxg7 Qxg7 36. Rxg7 Nxg4
{ist nicht überzeugend.}) 32... Qb8 33. Bg3 {Weiß steht auf Gewinn.}) 27. Nxe6
Nxe5 28. Nxc5+ Rxc5 29. Bg4+ {mit zum vorigen Abspiel identischer Stellung.})
25. e6 Bxf3 26. Nhxf3 Nd3 27. Nf7 a5 (27... Nd8 {reicht nicht aus:} 28. N3e5
Nxe5 29. Qe4 Ndc6 30. Qd5 Qf8 31. Be3 {mit entscheidendem Angriff.}) 28. N3g5 {
Schwarz kann natürlich auf die Dauer nicht überleben.}) (20... Qd6 {wird wie
folgt beantwortet:} 21. Bh5+ (21. Rd1 {ist ebenfalls gut:} Nd3 22. Bxd3 cxd3
23. Rxd3 Qb4 (23... Qf6 24. Rf3 Qd6 25. Be3 {ist hoffnungslos für Schwarz.})
24. Rc3 Nc6 25. Nxh7 {, und der Angriff des Weißen sollte durchdringen.}) (21.
Nxh7 Nd3 22. Bh5+ Kd7 23. Nf5 Qe6 {ist nicht überzeugend: der Springer auf d3
behindert den Weißen mächtig.}) 21... g6 22. Nxg6 hxg6 23. Bxg6+ Kd7 24. Nf7
Qf6 25. Bg5 Qg7 26. Qd1+ Kc7 (26... Nd3 27. Nxh8 Qxh8 28. Bxd3 {, und Weiß
gewinnt mühelos.}) 27. Nxh8 Qxh8 28. Qd8+ Kb7 29. Be7 N8c6 30. Qxf8 Qxf8 31.
Bxf8 {Weiß hat eine Gewinnstellung.}) 21. Nxh7 Qxh4 {Hiernach wird Schwarz
mattgesetzt. Aber auch nach} (21... Qf7 22. Bf3 N8c6 23. Be4 Qc7 24. Rd1 Be6
25. Bg6+ Bf7 26. Ng5 Nd8 27. Qf5 {hat Schwarz keine Rettungsaussichten mehr.})
({Die Fortsetzung} 21... Qd6 22. Qe4 N8c6 23. Rd1 Nd3 24. Bxd3 cxd3 25. Rxd3
Qe6 26. Bg5 {überlebt Schwarz auch nicht.}) 22. Qg6+ Kd7 23. Bg5 Qxh7 24. Rfd1+
Nd3 25. Rxd3+ cxd3 26. Bg4+ Kc7 27. Rc1+ 1-0

[Event "RUS Cup final 5th"]
[Site "Kazan"]
[Date "2001.10.11"]
[Round "10"]
[White "Filippov, Valerij"]
[Black "Burmakin, Vladimir"]
[Result "1-0"]
[WhiteElo "2617"]
[BlackElo "2593"]
[Annotator "Huebner,R"]
[PlyCount "53"]
[EventDate "2001.10.02"]
[EventType "tourn"]
[EventRounds "11"]
[EventCountry "RUS"]
[EventCategory "12"]
[SourceTitle "CBM 086"]
[Source "ChessBase"]
[SourceDate "2002.02.05"]
[SourceVersion "1"]
[SourceVersionDate "2002.02.05"]
[SourceQuality "1"]

1. Nf3 d5 2. d4 c6 3. c4 Nf6 4. Nc3 a6 5. Bg5 Ne4 6. h4 f6 (6... Bf5 {ist hier
ebenfalls gespielt worden; es folgt einiges schlecht gesichtete Material über
diese Fortsetzung:} 7. Qb3 b5 8. cxd5 Nxc3 9. Qxc3 cxd5 10. e3 (10. Rc1 Nd7 (
10... f6 11. Bf4 Kf7 $5 12. g3 $1 Bd7 13. Bg2 e6 14. O-O Nc6) 11. Qc6 f6 12.
Bf4 e6 13. Bc7 Qc8 $13) 10... Nd7 11. Bd3 (11. Rc1 Nb6 12. Bf4 Rc8) 11... Rc8
12. Qd2 Bxd3 13. Qxd3 Qa5+ $2 (13... h6 $6 14. Bf4 e6 15. Ke2 $1 (15. O-O Be7
16. Rfc1 O-O 17. a4 Qb6 $10) 15... Be7 16. g4 $1 $16) (13... f6 $1 14. Bf4 e6
15. O-O Be7 $1 (15... Kf7 16. a4 Qb6 17. axb5 axb5 18. Rfc1 $18) 16. a4 Qb6 17.
axb5 axb5 18. Rfc1 O-O $10) 14. Ke2 f6 $8 15. Rhc1 $1 Rc4 (15... Rxc1 16. Rxc1
Qxa2 (16... fxg5 $2 17. Rc8+ Kf7 18. Qf5+ Nf6 19. Ne5+ Kg8 20. Qe6#) 17. Qf5 $1
Qxb2+ (17... Nb6 18. Rc6 Qxb2+ 19. Nd2 (19. Rc2 Qb4) 19... Nc4 20. Rc8+ (20.
Qe6 Qxd2+ 21. Kf3 Nd6 22. Rxa6 (22. Rxd6 Qd1+ 23. Kg3 h5 24. Rxa6 Qg4+ 25. Qxg4
hxg4 26. Bf4) (22. Rb6 $2 Kd8 $17) 22... Qd1+ 23. Kg3 Nf7 (23... Nb7 24. Ra8+
Nd8 25. Qxd5 e6 26. Rxd8+ Kf7 27. Qd7+) 24. Qc6+) 20... Kf7 21. Qxd5+ Kg6 (
21... e6 22. Qb7+ Be7 23. Rxc4 fxg5 24. Rc7 Re8 25. hxg5 a5 26. Rc5) 22. h5+
Kxh5 23. Bxf6+ Kg6 24. Qe4+) 18. Rc2 Qb3 19. Rc8+ Kf7 20. Qxd7) 16. Bf4 g6 17.
b3 Rxc1 18. Rxc1 Bg7 19. Qc2 $1 O-O (19... e5 20. dxe5 $1 fxe5 21. Qc8+ Qd8 22.
Bxe5 $1) 20. Bc7 Qa3 21. Qc6 Rf7 22. Rc2 Nf8 23. Qxd5 e6 24. Qd6 Qxd6 25. Bxd6
Ra7 26. Rc8 Kf7 27. Bc5 Rb7 28. Ra8 Nd7 29. Rxa6 {1-0 Atalik,S-Ionescu,M/
ROM-chT 1996/CBM 56/[Atalik,S] (29)}) 7. Bf4 Nxc3 {Dies ist offenbar ein neuer
Versuch; Schwarz schnappt einen Bauern. Es scheint, daß nichts dagegen spricht.
} (7... Qa5 8. Qb3 (8. Bd2 Nxd2 9. Nxd2 {führt zu einer unklaren Stellung.}) (
8. cxd5 $11 {führt zum Ausgleich. Auch der Textzug ist spielbar.}) 8... e5 9.
dxe5 d4 10. Qc2 (10. Qa4 {ist unbedingt nötig. Nach} Bb4 11. Qxa5 Bxa5 12. Nxd4
Nxc3 13. Bd2 Nxe2 {entsteht eine etwa ausgeglichene Stellung.}) 10... dxc3 11.
b4 Bxb4 12. Qxe4 O-O 13. e6 (13. Qc2 {war zäher, aber die Stellung des Weißen
fällt auch nach} fxe5 14. Bxe5 (14. Bg3 e4 {ist natürlich auch hoffnungslos.})
14... Rxf3 15. Bxb8 Rf8 16. Bg3 Bf5 {bald zusammen.}) 13... Qxa2 14. Rc1 Qb2
15. Rc2 Qb1+ 16. Bc1 Ba3 17. Ng5 f5 {0-1 Lugovoi,A-Volkov,S/Moscow 1999/CBM 75/
[Huebner,R] (17).}) 8. bxc3 dxc4 9. g3 ({Die Fortsetzung} 9. e4 b5 10. Be2 {
mutet natürlicher an.}) 9... Qa5 10. Qc1 Nd7 (10... Bf5 {mit der Absicht,
jetzt 11...Sd7 und 12...e5 folgen zu lassen, kommt auch in Betracht. Mit dem
Textzug hält Schwarz den Bauern auf b7 gedeckt und strebt nach schneller
Mobilisierung des Königsflügels; er ist bescheidener, aber sicherer.}) 11. Bg2
(11. Bh3 e5 12. Bxd7+ Bxd7 13. dxe5 Ba3 14. Qc2 (14. Qd2 O-O-O) 14... O-O {
führt zu schönem Spiel für Schwarz.}) 11... e5 12. dxe5 fxe5 13. Be3 Ba3 14.
Qc2 Bc5 {Schwarz kämpft um die Deckung des Bauern auf c4. Nach} (14... Nf6 15.
Nd2 {hat Weiß gutes Spiel:} Be6 16. Rb1 {mit der Drohung 17.Lb6 ist
unerfreulich für Schwarz.}) 15. Bxc5 Qxc5 16. Qf5 Qe7 17. O-O (17. Qe4 $5 {
sieht stärker aus.}) 17... e4 18. Nd2 Nf6 19. Qf4 e3 $2 {Es war Zeit, den
König in Sicherheit zu bringen; Schwarz hätte dann durchaus befriedigend
gestanden:} (19... O-O 20. Nxe4 ({Nach} 20. Nxc4 Bg4 {ist die Stellung sicher
auch völlig in Ordnung für Schwarz.}) 20... Nd5 21. Qd2 (21. Qd6 Qxd6 22. Nxd6
Nxc3 {ist offensichtlich ungünstig für Weiß.}) (21. Qg5 Qxg5 22. hxg5 Bg4 (
22... Bf5 23. Nd6 Nxc3 24. e4 {ist weniger überzeugend.}) 23. Rfe1 Rad8 {
, und Schwarz steht vorzüglich.}) 21... Bf5 22. Ng5 Rad8 (22... h6 {ist nicht
stärker:} 23. Bxd5+ cxd5 24. Qxd5+ Kh8 25. Nf3 Qxe2 26. Nd4 {usw.}) 23. e4 Nf6
24. Qb2 Bc8 {mit scharfem Kampf, in dem mir die Aussichten des Schwarzen nicht
schlechter zu sein scheinen.}) 20. Nxc4 $18 exf2+ 21. Rxf2 {Schwarz ist
verloren; es gibt keine zureichende Verteidigung gegen die beiden Drohungen 22.
Sb6 und 22.Sd6+.} Qc5 22. Nd6+ Ke7 23. Ne4 ({Zwingender ist} 23. Nxb7 {,zum
Beispiel} Bxb7 24. Qc7+ Kf8 25. Rb1 Bc8 26. Qd8+ {, aber es spielt natürlich
keine Rolle, wie Weiß gewinnt.}) 23... Nxe4 24. Qf7+ Kd8 25. Bxe4 Bd7 26. Rd1
Qe7 27. Qb3 1-0

[Event "Moscow Aeroflot op-A"]
[Site "Moscow"]
[Date "2005.02.15"]
[Round "1"]
[White "Sakaev, Konstantin"]
[Black "Lastin, Alexander"]
[Result "1-0"]
[WhiteElo "2677"]
[BlackElo "2588"]
[Annotator "Huebner,R"]
[PlyCount "74"]
[EventDate "2005.02.15"]
[EventType "swiss"]
[EventRounds "9"]
[EventCountry "RUS"]
[SourceTitle "CBM 106"]
[Source "ChessBase"]
[SourceDate "2005.06.06"]
[SourceVersion "1"]
[SourceVersionDate "2005.06.06"]
[SourceQuality "1"]

1. d4 d5 2. c4 c6 3. Nf3 Nf6 4. Nc3 a6 5. c5 Nbd7 6. Bf4 Nh5 7. Bd2 g6 8. e4
dxe4 9. Nxe4 Ndf6 10. Nxf6+ Nxf6 11. Bc4 Bg7 12. Qb3 O-O 13. O-O Nd5 14. Rfe1
e6 {Dieser häßlich aussehende Zug, der auf d6 ein immerwährendes Loch
entstehen läßt und dem Laäufer auf c8 alle Zukunftsaussichten verdunkelt,
dient offenbar zur Vorbereitung von b7-b5.} ({Nach} 14... Re8 {behält Schwarz
eine dauerhaft passive Stellung:} 15. Ne5 Ra7 16. Rad1 Be6 17. Qg3 Qc8 18. Ba5
f6 19. Nd3 Bf7 20. b3 Ra8 21. Re2 Qd7 22. Rde1 Rac8 23. Qf3 Nc7 $2 24. Bxf7+
Kxf7 25. Ne5+ {1-0 Peng,Z-Sheremetieva,M/Kishinev 1995/EXT 97 (25).}) 15. Bg5
f6 (15... Qc7 16. Bh4 f5 17. Ne5 Bxe5 18. Rxe5 h6 19. f3 Rf7 20. Bg3 f4 21. Bf2
Bd7 22. Be1 Raf8 23. Bd2 Rf5 24. Rae1 Rxe5 25. Rxe5 Bc8 26. Qd3 Rf6 27. g3 Qf7
28. Kg2 Kg7 29. Bb3 Bd7 30. Qe2 fxg3 31. hxg3 g5 32. Bc2 Kf8 33. Bd3 Be8 34. b4
Qd7 {1/2-1/2 Neuman,P-Hitzgerova,G/Trinec 1999/EXT 2000 (34).}) 16. Bh4 b5 17.
Bf1 ({Die Fortsetzung} 17. cxb6 Rb8 18. Bg3 Rxb6 19. Qc2 {gefällt mir besser:
indem er die Stellung ein wenig öffnet, hat Weiß bessere Möglichkeiten, die
Schwächen des Schwarzen anzugreifen.}) 17... g5 18. Bg3 g4 {Ich glaube, daß
ich es kaum über mich bringen könnte, etwas derartiges zu spielen, aber
wahrscheinlich ist es die beste Möglichkeit zum Widerstand.} 19. Nd2 f5 20. Be5
Bxe5 21. Rxe5 {Die Häßlichkeit der Struktur der schwarzen Stellung ist
bemerkenswert; dennoch erreicht der Nachziehende nach einigen weiteren Zügen
mit Hilfe des indifferenten Spiels von Weiß eine ausgeglichene Stellung.} Nf4
22. Qc3 Ng6 23. Ree1 Ra7 24. a4 Raf7 25. axb5 axb5 26. Ra8 Qf6 27. g3 $2 (27.
Qe3 {ist der richtige Weg zur Vorbereitung von f2-f4. Nach} Rd7 28. Qxe6+ Qxe6
29. Rxe6 Rxd4 30. Rxc6 Bd7 31. Rxf8+ Kxf8 32. Rd6 Rxd6 33. cxd6 Kf7 34. Nb3 Ke6
35. Nc5+ Kxd6 36. Nxd7 Kxd7 37. Bxb5+ {erreicht Weiß ein gewonnenes Endspiel;
nach anderen Zügen behält er überwältigenden positionellen Vorteil.}) 27... Re7
$2 (27... Rd7 28. Nb3 (28. Bg2 Qxd4 29. Qxd4 Rxd4 30. Nb3 Rb4 {verspricht dem
Weißen keinen Vorteil.}) 28... Re7 {ist wesentlich genauer: Schwarz kann e6-e5
durchsetzen.}) 28. Bg2 $6 {Weiß mußte den Vorstoß e6-e5 unbedingt verhindern.
Nach} (28. f4 gxf3 29. Nxf3 f4 30. Bg2 Rg7 31. Rf1 {bleibt die Lage des
Schwarzen sehr unbequem.}) 28... e5 29. d5 ({Mit der Fortsetzung} 29. dxe5 Nxe5
30. Rea1 {behält Weiß einen leichten Vorteil.}) 29... cxd5 30. Bxd5+ Kg7 31.
Rb8 ({Nach} 31. Nf1 e4 {hat Weiß ebenfalls keinen nennenswerten Vorteil.})
31... Rd8 $2 (31... Rd7 32. Bg2 (32. Rb6 {ist jetzt ungenügend:} Qd8 33. Rxe5
Nxe5 34. Qxe5+ Rf6 {, und Schwarz gewinnt.}) 32... e4 {führt zu einer für
Schwarz haltbaren Stellung.}) 32. Rb6 Qf8 33. Bc6 Rc7 ({Die Folge} 33... Re6
34. Bxb5 Rxb6 35. cxb6 {läßt den Schwarzen ebenfalls in einer unerquicklichen
Lage.}) 34. Nb3 ({Die Fortsetzung} 34. Rxe5 b4 (34... Qf6 35. Bxb5 Nxe5 (35...
Qxb6 {erlaubt dem Weißen, mattzusetzen:} 36. Re7+ Kh6 37. Qg7+ Kh5 38. Qxh7+
Kg5 39. h4+ gxh3 40. Nf3+ Kg4 41. Ne5+ Nxe5 (41... Kg5 42. f4+ Nxf4 43. Qh4#)
42. Qh4+ Kf3 43. Qf4#) 36. Rxf6 Kxf6 37. f4 ({Die Fortsetzung} 37. Qa5 Rxd2 38.
Qxc7 Rd1+ 39. Kg2 Nf3 40. Bf1 Ne1+ {führt zum nur Remis.}) 37... gxf3 38. Nxf3)
35. Rxb4 Qf6 36. Rd5 Qxc3 37. bxc3 Rxd5 38. Bxd5 Rxc5 39. c4 Ra5 {bildet
keinen überzeugenderen Gewinnweg.}) 34... Qe7 ({Die Folge} 34... Qf6 35. Bg2 (
35. Bxb5 Qxb6 36. cxb6 Rxc3 37. bxc3 Rd6 {führt zu einer Remisstellung.}) (35.
Na5 {ist aber ebenfalls gut genug zum Gewinn.}) 35... Qxb6 36. cxb6 Rxc3 37.
bxc3 e4 38. Nc5 {wird Schwarz auch nicht lebend überstehen.}) 35. Bxb5 Be6 $6 {
Mit anderen Fortsetzungen konnte Schwarz den Kampf länger hinziehen, aber
seine Stellung ist natürlich verloren.} 36. Rxe5 Nxe5 37. Qxe5+ Kf8 1-0

[Event "RUS-ch 54th"]
[Site "Elista"]
[Date "2001.05.07"]
[Round "7"]
[White "Ionov, Sergey"]
[Black "Rustemov, Alexander"]
[Result "1-0"]
[WhiteElo "2505"]
[BlackElo "2625"]
[Annotator "Huebner,R"]
[PlyCount "65"]
[EventDate "2001.04.29"]
[EventType "swiss"]
[EventRounds "9"]
[EventCountry "RUS"]
[SourceTitle "CBM 083"]
[Source "ChessBase"]
[SourceDate "2001.07.05"]
[SourceVersion "1"]
[SourceVersionDate "2001.07.05"]
[SourceQuality "1"]

1. d4 d5 2. c4 c6 3. Nf3 Nf6 4. Nc3 a6 5. cxd5 cxd5 6. Bg5 Ne4 7. Bh4 Qa5 8. e3
Nc6 9. Qb3 e6 10. Bd3 Nxc3 11. bxc3 Bd6 (11... b5 {ist schwächer:} 12. O-O Bd6
13. a4 b4 14. cxb4 Qxb4 15. Qc2 Ne7 16. a5 Qb7 17. Rfb1 Qc7 18. Qxc7 Bxc7 19.
Rc1 Bd6 20. Bg3 Bxg3 21. hxg3 f6 22. Rc7 {1-0 Bwanika,D-Ismail,A/Dubai 1986/TD
(33). (32)}) 12. Bg3 Qc7 13. e4 O-O $2 ({Richtig ist} 13... dxe4 14. Bxe4 O-O {
mit etwas besserem Spiel für Weiß.}) 14. O-O $2 {Weiß konnte ohne weiteres auf
d5 zugreifen:} (14. exd5 exd5 (14... Na5 {scheitert an} 15. Bxd6 Qxd6 16. Qb4
Qxd5 17. Bxh7+ $18) 15. Qxd5 Re8+ ({Mit} 15... Nb4 16. cxb4 Qc3+ 17. Ke2 Re8+
18. Ne5 {erreicht Schwarz nichts}) 16. Kf1 {Schwarz hat keine genügende
Kompensation für den geopferten Bauern.}) 14... Rd8 ({Plausibel ist die
Fortsetzung} 14... Bxg3 15. hxg3 dxe4 16. Bxe4 h6 $14 {mit etwas besserem
Spiel für Weiß.}) 15. Rfe1 dxe4 16. Bxe4 Bxg3 17. hxg3 Bd7 18. c4 Rac8 19. Rac1
Be8 $2 {Jetzt ermangelt der Bauer auf e6 der Deckung, und dies ist sofort
fatal. Plausible Versuche waren:} (19... g6 20. d5 Na5 21. Qe3 Qc5 22. Qh6 Qf8
{oder}) (19... h6 20. d5 Na5 21. Qb1 Qd6 {In beiden Fällen behält Weiß eine
gefährliche Initiative, aber Schwarz kann noch Widerstand leisten.}) 20. d5 Na5
21. Qb1 exd5 $6 ({Zäher ist} 21... h6 22. dxe6 fxe6 (22... Nxc4 23. Bh7+ Kh8
24. Bf5 {kostet den Schwarzen Material:} Rb8 25. Qb4 b5 26. Qf8#) 23. c5 Bf7 {
obwohl die Stellung des Schwarzen nach} 24. Ne5 {unhaltbar sein dürfte.}) (
21... g6 22. dxe6 fxe6 (22... Nxc4 23. Qxb7 fxe6 24. Qxa6 Rd6 25. Qb7 {sieht
ziemlich hoffnungslos für Schwarz aus.}) 23. c5 {ist ebenfalls wenig
vertrauenerweckend.}) 22. Bxh7+ $18 Kh8 23. cxd5 Qd6 24. Rxc8 Rxc8 25. Bf5 {
Einfacher ist} (25. Qf5 Rd8 (25... Bd7 {scheitert an} 26. Qxf7 Kxh7 27. Ng5+
Kh6 28. Ne6) 26. Ng5 g6 27. Qf3 {, und es gibt keine befriedigende
Verteidigung gegen die Drohung 28.Te8:+.}) 25... Rd8 26. Qe4 (26. Ng5 Kg8 27.
Be6 {geht auch.}) 26... g6 27. Qh4+ Kg7 28. Bxg6 Qf6 29. Qh7+ Kf8 30. Qh6+ Qg7
31. Qh4 Ra8 32. Qe7+ Kg8 33. Qxe8+ 1-0